Największe miasta w Kanadzie zawierające literę - Statystyki

Ogólne statystyki
  • Ten quiz został rozwiązany 146 razy
  • Średni wynik to 14 z 25
Statystyki odpowiedzi
Litera Miasto % Poprawnych
W Ottawa
91%
N Toronto
88%
O Toronto
88%
R Toronto
88%
T Toronto
88%
U Vancouver
74%
V Vancouver
74%
A Montreal
70%
E Montreal
70%
L Montreal
70%
M Montreal
70%
B Quebec
61%
Q Quebec
61%
D Edmonton
55%
C Calgary
50%
G Calgary
50%
Y Calgary
50%
I Winnipeg
34%
P Winnipeg
34%
F Halifax
25%
X Halifax
25%
H Hamilton
16%
K Saskatoon
9%
S Saskatoon
9%
J St. John's
9%
Nie znaleziono quizów pasujących do podanych kryteriów
Rozkład punktacji
Procent ludzi z każdym wynikiem
Percentyl według liczby udzielonych odpowiedzi
Twoja historia wyników
Nie rozwiązałeś tego quizu